[Event "NED-ch 2008"]
[Site "Hilversum"]
[Date "2008.04.07"]
[Round "6"]
[White "Ernst, Sipke"]
[Black "Visser, Yge"]
[Result "1-0"]
[WhiteElo "2559"]
[BlackElo "2477"]
[PlyCount "188"]
[EventDate "2008.04.02"]

1. d4 Nf6 2. c4 c5 3. Nf3 cxd4 4. Nxd4 e5 5. Nb5 d5 6. cxd5 Bc5 7. g3 O-O 8.
N5c3 Qb6 9. e3 Bg4 10. Be2 Bh3 11. a3 Rd8 12. Rg1 Bf5 13. g4 Bxb1 14. Rxb1 Qd6
15. b4 Bb6 16. g5 Nxd5 17. Nxd5 Qxd5 18. Qxd5 Rxd5 19. Bf3 Rd7 20. Bb2 Nc6 21.
Rg4 Rad8 22. Rd1 Rxd1+ 23. Bxd1 Rd6 24. Bf3 a6 25. Ke2 Bc7 26. Be4 Kf8 27. Rh4
Bd8 28. Rxh7 Kg8 29. g6 fxg6 30. Rh3 Bf6 31. Bxg6 b5 32. Bh7+ Kf7 33. Be4 a5
34. Bc3 axb4 35. axb4 Ne7 36. Bd2 Nd5 37. Rh8 Bd8 38. Bd3 Nc7 39. Bc3 Bf6 40.
Rc8 Rd7 41. Bf5 Re7 42. Bd2 Ne8 43. Rc6 e4 44. Rb6 g6 45. Bc8 Be5 46. Rxb5 Nd6
47. Rc5 Nxc8 48. Rxc8 Bxh2 49. Rc5 Rc7 50. Rd5 Rc4 51. Kd1 Bc7 52. Rd7+ Ke6 53.
Rg7 Kf6 54. Rg8 Be5 55. Re8 g5 56. Rd8 g4 57. Rd5 Ke6 58. Ra5 Rc8 59. Ra6+ Bd6
60. Be1 Kd5 61. Ra5+ Kc4 62. Ke2 Rg8 63. Ra6 g3 64. fxg3 Bxg3 65. Rc6+ Kd5 66.
Rc5+ Kd6 67. Bc3 Ra8 68. Rc4 Ra2+ 69. Kd1 Be5 70. Bd2 Kd5 71. Rc5+ Kd6 72. Rc8
Kd5 73. Bc1 Ra4 74. Bd2 Ra2 75. Ke1 Ra1+ 76. Ke2 Ra2 77. Rc1 Bd6 78. Rb1 Be5
79. Rc1 Bd6 80. Kd1 Ra4 81. Rb1 Bc7 82. b5 Bb6 83. Rc1 Ra3 84. Rb1 Kc4 85. Ke2
Rb3 86. Rh1 Rxb5 87. Rh4 Re5 88. Be1 Re6 89. Bg3 Bc5 90. Rh5 Ra6 91. Bf4 Ra2+
92. Kf1 Bb4 93. Re5 Kd3 94. Rd5+ Kc2 1-0